Oe and beyond : fiction in contemporary Japan /

Bibliographic Details
Other Authors: Snyder, Stephen, 1957-, Gabriel, Philip, 1953-
Format: Book
Language:English
Published: Honolulu, Hawaii : University of Hawai'i Press, c1999.
Subjects:
Classic Catalogue: View this record in Classic Catalogue
LEADER 01687nam a2200385 a 4500
001 45759
003 BD-DhAAL
005 20260511174720.0
008 260510t1999 hiu 001 0 eng
010 |a  98041900  
020 |a 0824820401 
020 |a 082482136X 
020 |a 9780824820404 
020 |a 9780824821364 
035 |a 4035429 
040 |a DLC  |c DLC  |d DLC  |d BD-DhAAL 
043 |a a-ja--- 
050 0 0 |a PL747.8  |b .O34 1999 
082 0 0 |a 895.63509  |2 21 
245 0 0 |a Oe and beyond :  |b fiction in contemporary Japan /  |c edited by Stephen Snyder and Philip Gabriel. 
246 3 |a Ōe and beyond 
260 |a Honolulu, Hawaii :  |b University of Hawai'i Press,  |c c1999. 
300 |a vii, 317 pages ;  |c 24 cm 
500 |a Includes index. 
526 8 |a AAL 
541 1 |a Donated by Embassy of Japan in Bangladesh, Read Japan Project 2025, The Tokyo Foundation, supported by The Nippon Foundation.  |e 45759 
650 0 |a Japanese fiction  |y 1945-  |x History and criticism.  |9 60618 
650 0 |a Japanese fiction. 
650 0 |a Japanese literature. 
700 1 |a Snyder, Stephen,  |d 1957-  |9 60619 
700 1 |a Gabriel, Philip,  |d 1953-  |9 58839 
852 1 |a Ayesha Abed Library  |c General Stacks 
942 |2 ddc  |c BK 
999 |c 47918  |d 47918 
952 |0 0  |1 0  |2 ddc  |4 0  |6 895_635090000000000_OEA  |7 0  |9 79175  |a BRACUL  |b BRACUL  |d 2026-05-10  |e Donated by Embassy of Japan in Bangladesh, Read Japan Project 2025, The Tokyo Foundation, supported by The Nippon Foundation.  |l 0  |o 895.63509 OEA  |p 3010045759  |r 2026-05-10  |t 1  |w 2026-05-10  |y BK  |x Donated copy received from Embassy of Japan in Bangladesh, Read Japan Project 2025, The Tokyo Foundation, supported by The Nippon Foundation on 08 April 2026;$12.98